Normal view
MARC view
- Israni A.R. & Shah P.K
Entry Personal Name
001 - CONTROL NUMBER
- control field: 195995
003 - CONTROL NUMBER IDENTIFIER
- control field: OSt
005 - DATE AND TIME OF LATEST TRANSACTION
- control field: 20230714214821.0
008 - FIXED-LENGTH DATA ELEMENTS
- fixed length control field: 230714|| aca||aabn | a|a d
040 ## - CATALOGING SOURCE
- Original cataloging agency: OSt
- Transcribing agency: OSt
100 ## - HEADING--PERSONAL NAME
- Personal name: Israni A.R. & Shah P.K
670 ## - SOURCE DATA FOUND
- Source citation: Work cat.: (OSt)211516: Israni A.R. 195994, Basic Mechanical Engineering, 2011